000 00464nam a2200145Ia 4500
008 220217s9999 xx 000 0 und d
100 _aVimalamma T. Abraham
245 0 _aPhysico-mechanical and biological treatment of effluent from natural rubber latex centrifuging units
260 _bMahatma Gandhi University
_a Kottayam
_c2008
300 _a358
500 _aCourse: PhD
500 _aT166
700 _aDr N Radhakrishnan Nair and Dr G Madhu
942 _cTS
999 _c74603
_d74603